| 000 | 00721nam a2200241 i 4500 | ||
|---|---|---|---|
| 001 | 19475 | ||
| 003 | ES-MaACL | ||
| 005 | 20230906152114.0 | ||
| 007 | t| | ||
| 008 | 020902s2001 sp ||||1| spa d | ||
| 020 | _a84-339-6160-8 | ||
| 080 | _a82-31.09 | ||
| 100 | 1 |
_aSalmon, Christian. _9102000 |
|
| 245 | 1 | 0 |
_aTumba de la ficción / _cChristian Salmon ; traducción de Thomas Kauf. |
| 260 |
_aBarcelona : _bAnagrama, _c[2001] |
||
| 300 |
_a187 p. ; _c28 cm. |
||
| 490 | 1 |
_aColección Argumentos ; _v269 |
|
| 650 | 1 | 4 |
_aNovela- _xHistoria y crítica. _915603 |
| 700 | 1 |
_aKauf, Thomas. _967639 |
|
| 830 | 0 |
_aColección Argumentos ; _v269 _9178071 |
|
| 852 |
_aES-MaACL _jL-25909 _bR.130777 |
||
| 999 |
_c19475 _d19475 |
||